Länder nach ersten 3 Anfangsbuchstaben in 270 Sekunden - Statistiken

Allgemein
  • Dieses Quiz wurde 130 mal gespielt
  • Das Durchschnittsergebnis liegt bei 140 aus 196
Antworten auf der Karte
Die Antworten werden auf der Karte rot bzw. grün angezeigt, abhängig davon wie oft sie richtig erraten wurden.
 
Antwortstatistiken
Land % Korrekt
Chile
99%
China
99%
Frankreich
99%
Russland
99%
Schweden
99%
Schweiz
99%
Belarus
97%
Belgien
97%
Belize
97%
Finnland
97%
Nordkorea
97%
Nordmazedonien
97%
Norwegen
97%
Spanien
97%
Deutschland
96%
Kanada
96%
Portugal
96%
Vereinigte Arabische Emirate
96%
Vereinigte Staaten
96%
Argentinien
95%
Brasilien
95%
Irland
95%
Island
95%
Mexiko
95%
Monaco
95%
Mongolei
95%
Montenegro
95%
Türkei
95%
Turkmenistan
95%
Dänemark
92%
Australien
91%
Indien
91%
Indonesien
91%
Irak
91%
Iran
91%
Italien
91%
Kasachstan
90%
Malawi
90%
Malaysia
90%
Malediven
90%
Mali
90%
Malta
90%
Südafrika
90%
Sudan
90%
Südkorea
90%
Südsudan
90%
Tschad
90%
Tschechien
90%
Uruguay
90%
Saudi-Arabien
88%
Algerien
87%
Lettland
87%
Marokko
87%
Marshallinseln
87%
Peru
87%
Polen
87%
Ukraine
87%
Estland
86%
Kolumbien
86%
Litauen
86%
Österreich
86%
Osttimor
86%
Paraguay
86%
Japan
84%
Oman
84%
Tunesien
84%
Venezuela
84%
Bolivien
83%
Jemen
83%
Libanon
83%
Liberia
83%
Libyen
83%
Niederlande
83%
Ägypten
82%
Kuba
82%
Afghanistan
81%
Griechenland
81%
Slowakei
81%
Slowenien
81%
Madagaskar
79%
Grossbritannien
79%
Kirgisistan
79%
Kiribati
79%
Pakistan
78%
Usbekistan
78%
Kroatien
77%
Neuseeland
77%
Surinam
77%
Honduras
75%
Thailand
75%
Demokratische Republik Kongo
74%
Dominica
74%
Dominikanische Republik
74%
Ecuador
74%
Panama
74%
Rumänien
74%
Guyana
73%
Nepal
73%
Papua-Neuguinea
73%
Republik Kongo
73%
Ungarn
73%
Bosnien und Herzegowina
71%
Bulgarien
71%
Haiti
71%
Somalia
71%
Syrien
71%
Vietnam
71%
Nicaragua
70%
Kambodscha
69%
Kamerun
69%
Niger
69%
Nigeria
69%
Serbien
69%
Albanien
68%
Äthiopien
68%
Bahamas
68%
Bahrain
68%
Costa Rica
68%
Eritrea
66%
Guatemala
66%
Kenia
66%
Laos
66%
Mauretanien
66%
Mauritius
66%
Myanmar
66%
Israel
65%
Philippinen
65%
Tadschikistan
65%
Bangladesch
64%
Bhutan
64%
Ghana
64%
Jordanien
64%
Moldau
64%
Sri Lanka
64%
Angola
62%
Armenien
62%
El Salvador
62%
Aserbaidschan
61%
Tansania
61%
Togo
61%
Georgien
60%
Jamaika
60%
Mosambik
60%
Namibia
60%
Sambia
58%
Samoa
58%
Burkina Faso
57%
Burundi
57%
Elfenbeinküste
57%
Kosovo
57%
San Marino
57%
Botswana
56%
Luxemburg
56%
Benin
55%
Zentralafrikanische Republik
55%
Gabun
53%
Eswatini
53%
Guinea
53%
Guinea-Bissau
53%
Lesotho
52%
Simbabwe
52%
Taiwan
52%
Zypern
52%
Gambia
51%
Senegal
51%
Uganda
51%
Kuwait
49%
Äquatorialguinea
48%
Dschibuti
48%
Katar
48%
Ruanda
47%
Andorra
45%
Kap Verde
45%
Sierra Leone
44%
Vatikanstadt
44%
Komoren
42%
Liechtenstein
40%
Salomonen
40%
Seychellen
40%
Tonga
40%
Vanuatu
40%
Mikronesien
39%
São Tomé und Príncipe
39%
Tuvalu
39%
Fidschi
38%
Brunei
36%
Palau
36%
Barbados
35%
Nauru
34%
Grenada
30%
Trinidad und Tobago
30%
Singapur
27%
Antigua und Barbuda
25%
Saint Kitts und Nevis
21%
Saint Lucia
21%
Saint Vincent und die Grenadinen
21%
Keine übereinstimmenden Quizze gefunden
Verteilung der Resultate
Anzahl Personen mit jedem Resultat
Perzentil nach korrekt beantworteten Fragen
Ihre Resultats-Entwicklung
Sie haben dieses Quiz noch nicht gespielt